Introduction to Engineering Materials/ (Record no. 1648)

MARC details
000 -LEADER
Fixed length control field 00453nam a2200169 4500
003 - CONTROL NUMBER IDENTIFIER
Control field SEACOMEC
005 - DATE AND TIME OF LATEST TRANSACTION
Control field 20240827151712.0
008 - FIXED-LENGTH DATA ELEMENTS--GENERAL INFORMATION
Fixed length control field 240827b |||||||| |||| 00| 0 eng d
020 ## - INTERNATIONAL STANDARD BOOK NUMBER / ISBN
International Standard Book Number 978-0074515051
Price 210.00
040 ## - CATALOGING SOURCE
Original cataloging agency SEACOMEC
082 ## - DEWEY DECIMAL CLASSIFICATION NUMBER
Classification number 620.11
Book Number A277
100 ## - MAIN ENTRY--PERSONAL NAME
Personal name Agarwal , B.K.
245 ## - TITLE STATEMENT
Title Introduction to Engineering Materials/
Statement of responsibility B.K. Agarwal
260 ## - IMPRINT
Place of publication New Delhi
Name of publisher McGraw Hill Education
Date of publication 1988
300 ## - PHYSICAL DESCRIPTION
Page / Vol. No 353p
942 ## - ADDED ENTRY ELEMENTS (KOHA)
Koha item type Books
Holdings
Withdrawn status Lost status Source of classification Damaged status Not for loan Home library Current library Date acquired Total Checkouts Call number Accession number Date last seen Price effective from Koha item type Copy number
    Dewey Decimal Classification     SEACOM ENGINEERING COLLEGE SEACOM ENGINEERING COLLEGE 16/08/2007   620.11 A277 8006 27/08/2024 27/08/2024 Reference Books  
    Dewey Decimal Classification     SEACOM ENGINEERING COLLEGE SEACOM ENGINEERING COLLEGE 16/08/2007   620.11 A277 8007 27/08/2024 27/08/2024 Books 1
    Dewey Decimal Classification     SEACOM ENGINEERING COLLEGE SEACOM ENGINEERING COLLEGE 16/08/2007   620.11 A277 8008 27/08/2024 27/08/2024 Books 2
    Dewey Decimal Classification     SEACOM ENGINEERING COLLEGE SEACOM ENGINEERING COLLEGE 16/08/2007   620.11 A277 8009 27/08/2024 27/08/2024 Books 3
    Dewey Decimal Classification     SEACOM ENGINEERING COLLEGE SEACOM ENGINEERING COLLEGE 16/08/2007   620.11 A277 8010 27/08/2024 27/08/2024 Books 4
    Dewey Decimal Classification     SEACOM ENGINEERING COLLEGE SEACOM ENGINEERING COLLEGE 16/08/2007   620.11 A277 8011 27/08/2024 27/08/2024 Books 5
    Dewey Decimal Classification     SEACOM ENGINEERING COLLEGE SEACOM ENGINEERING COLLEGE 16/08/2007   620.11 A277 8012 27/08/2024 27/08/2024 Books 6
    Dewey Decimal Classification     SEACOM ENGINEERING COLLEGE SEACOM ENGINEERING COLLEGE 16/08/2007   620.11 A277 8013 27/08/2024 27/08/2024 Books 7
    Dewey Decimal Classification     SEACOM ENGINEERING COLLEGE SEACOM ENGINEERING COLLEGE 16/08/2007   620.11 A277 8014 27/08/2024 27/08/2024 Books 8
    Dewey Decimal Classification     SEACOM ENGINEERING COLLEGE SEACOM ENGINEERING COLLEGE 16/08/2007   620.11 A277 8015 27/08/2024 27/08/2024 Books 9
© Seacom Engineering College, All rights reserved.      Powered by Koha